000 00638nam a2200253Ia 4500
003 OSt
005 20221007105038.0
006 a|||||r|||| 00| 0
007 ta
008 221006b |||||||| |||| 00| 0 eng d
024 _a17,469
037 _cTextual
040 _aLCO
_cLCO
_beng
041 _2eng
_aeng
082 _aZ2,345, P2
100 _aBangia R.K.
_9439545
245 0 _aSale of Goods Act
250 _a9th
260 _aFaridabad
_bAllahabad Law Agency India
_c2002
300 _a168
650 _aSALE OF GOODS
_9461698
942 _hZ2,345, P2
_cTEXL
999 _c1187032
_d1187032